| 000 | 01801nam a2200361 a 4500 | ||
|---|---|---|---|
| 005 | 20240412115347.0 | ||
| 008 | 110405t2005||||AG a f |||| 001 0 spa d | ||
| 020 | _a9879838831 | ||
| 041 | _aspa | ||
| 092 |
_c616.12 _l17 _sDOV |
||
| 100 | 1 |
_aDoval, Hernán C. _93035 |
|
| 245 |
_aEvidencias en Cardiología IV. Manual práctico. _bDe los ensayos clínicos a las conductas terapéuticas / _cHernán C. Doval |
||
| 250 | _a4a ed. ampliada y actualizada | ||
| 260 |
_aBuenos Aires: _bGEDIC; _c2005. |
||
| 300 |
_a790 p. _bil. |
||
| 500 | _aDoval, H. C. et al. (2005). Evidencias en Cardiología IV. Manual práctico. De los ensayos clínicos a las conductas terapéuticas. (4a ed.). Buenos Aires : GEDIC ; Atlante. | ||
| 653 | _aPrevención cardiovascular | ||
| 653 | _aCardiopatía isquémica | ||
| 653 | _aInsuficiencia cardíaca y miocardiopatías | ||
| 653 | _aArritmias y síncopes | ||
| 653 | _aValvulopatías | ||
| 653 | _aEnfermedad vascular | ||
| 653 | _aEfectos adversos por grupos terapéuticos | ||
| 653 | _aApéndice. A: Criterios electrocardiográficos de hipertrofia ventricular. B: Criterios de Framingham para el diagnóstico de ICC. C: Cateterismo con Swan-Ganz (valores normales en mmHg). 1-Cálculo de parámetros hemodinámicos habituales. 2-Curvas normales. | ||
| 653 | _aFrogas: 1-Inotrópicos. 2-Antihipertensivos y vasodilatadores. 3-Inhibidores de glicoproteína llb-lla. 4-Trombolíticos | ||
| 653 | _aEstratificación de riesgo. 1-Riesgo clínico (pre-test) de tromboembolismo de pulmón. 2-Angina inestable | ||
| 700 | 1 |
_aTajer, Carlos D. _93036 |
|
| 700 | 1 |
_aFerrante, Daniel _eCoord. _93037 |
|
| 700 | 1 |
_aGagliardi, Juan _eCo-dir _93038 |
|
| 700 | 1 |
_aDe Abreu, Maximiliano _eCoord. _93039 |
|
| 700 | 1 |
_aMariani, Javier _eCood. _93040 |
|
| 942 |
_2ddc _cBK |
||
| 999 |
_c2246 _d2246 |
||